02896cam a22003858i 45000010009000000050017000090080041000260100017000670200024000840200026001080200026001340400023001600420008001830430012001910500021002030820019002241000030002432450046002732500020003192630009003392640050003483000013003983360026004113370028004373380027004655040051004925050314005435201300008576500032021576500057021896500034022466500042022806500031023227760157023532148497420250319095553.0200330s2020 enk b 001 0 eng  a 2020015076 a9781509934539q(pb) z9781509934553q(ePDF) z9781509934546q(ePub) aDLCbengerdacDLC apcc ae-uk---00aKD660b.Z36 202000a328.41077bZAN1 aZander, Michael,eauthor.14aThe law-making process /cMichael Zander. aEighth edition. a2007 1aOxford ;aNew York :bHart Publishing,c2020. apages cm atextbtxt2rdacontent aunmediatedbn2rdamedia avolumebnc2rdacarrier aIncludes bibliographical references and index.0 aLegislation : the Whitehall stage -- Legislation : the Westminster stage -- Statutory interpretation -- Binding precedent : the doctrine of stare decisis -- How precedent works -- Law reporting -- The nature of the judicial role in law-making -- Foreign and other sources of law -- The process of law reform. a"As a critical, in-depth analysis of the law-making process, this book has no equal. It deals with all the stages and forms of law-making: - the preparation of legislation; - its passage through Parliament; - statutory interpretation; - the operation of the rules of precedent in judicial decision-making; - the many facets of judicial law-making; - the machinery of law reform. The new eighth edition covers the operation of EU law in the UK after Brexit. It also covers pre-Brexit events such as the unprecedented legislation by backbench MPs to stop a No Deal Exit from the EU and the two great Supreme Court decisions over the triggering of Brexit and the prorogation of Parliament. The books draws on a wide range of sources including important new empirical research such as Lord Sumption's 2019 Reith lectures (Trials of the State - Law and the Decline of Politics) and the work of Sir Geoffrey Palmer, former Prime Minister and Justice Minister of New Zealand on The Law Reform Enterprise. There are new sections on the attempt to control the size of the House of Lords, on whether Parliament should have a role in the selection of senior judges and on the topical question whether decisions of the courts on constitutional questions are 'legal' or 'political'"--cProvided by publisher. 0aLegislationzGreat Britain. 0aLawzGreat BritainxInterpretation and construction. 0aStare decisiszGreat Britain. 0aJudicial processzGreat Britain.bLaw 0aLaw reformzGreat Britain.08iOnline version:aZander, Michael.tThe law-making process.bEighth edition.dOxford ; New York : Hart Publishing, 2020z9781509934546w(DLC) 2020015077